[Event "Titled Tuesday intern op 02nd Feb"]
[Site "Chess.com INT"]
[Date "2021.02.02"]
[Round "3"]
[White "Aung, Thant Zin"]
[Black "Ozen, Batuhan"]
[Result "0-1"]
[WhiteElo "2268"]
[BlackElo "2128"]
[PlyCount "105"]
[EventDate "2021.02.02"]
[EventType "swiss (blitz)"]
[EventRounds "11"]
[EventCountry "USA"]
[SourceTitle "CBM 200 Extra"]
[Source "ChessBase"]
[SourceDate "2021.03.31"]
[SourceVersion "1"]
[SourceVersionDate "2021.03.31"]
[SourceQuality "1"]

1. e4 c5 2. Nf3 Nc6 3. Bb5 g6 4. 0-0 Bg7 5. c3 e5 6. d4 cxd4 7. cxd4 exd4 8. e5 Nge7 9. Bg5 0-0 10. Na3 Qb6 11. Qd2 Nf5 12. Bd3 d6 13. Nc4 Qb4 14. exd6 Nxd6 15. Qxb4 Nxb4 16. Nxd6 Nxd3 17. Be7 Nxb2 18. Bxf8 Kxf8 19. Nxc8 Rxc8 20. Rfc1 Rc3 21. Rxc3 dxc3 22. Ne1 b5 23. Nc2 a5 24. a3 Ke7 25. Re1+ Kd6 26. Re8 Nc4 27. Rb8 Kc6 28. Rc8+ Kb7 29. Rc5 Kb6 30. Rc8 Nxa3 31. Nxa3 b4 32. Nc4+ Kb7 33. Nd6+ Kb6 34. Nxf7 a4 35. Nd6 b3 36. Nc4+ Kb7 37. Rc5 c2 38. Na3 Bb2 39. Nxc2 bxc2 40. Rxc2 a3 41. g3 Kb6 42. Re2 Kb5 43. Kg2 Kb4 44. f4 Kb3 45. g4 a2 46. f5 gxf5 47. Re1 fxg4 48. Ra1 Bxa1 49. Kg3 Be5+ 50. Kxg4 Bxh2 51. Kh5 a1Q 52. Kh6 Qg1 53. Kxh7 0-1

[Event "Titled Tuesday intern op 02nd Feb"]
[Site "Chess.com INT"]
[Date "2021.02.02"]
[Round "1"]
[White "Shuvalova, Polina"]
[Black "Ozen, Batuhan"]
[Result "1/2-1/2"]
[WhiteElo "2476"]
[BlackElo "2128"]
[PlyCount "86"]
[EventDate "2021.02.02"]
[EventType "swiss (blitz)"]
[EventRounds "11"]
[EventCountry "USA"]
[SourceTitle "CBM 200 Extra"]
[Source "ChessBase"]
[SourceDate "2021.03.31"]
[SourceVersion "1"]
[SourceVersionDate "2021.03.31"]
[SourceQuality "1"]

1. d4 Nf6 2. Nc3 c5 3. d5 e5 4. e4 d6 5. g3 Be7 6. Bg2 0-0 7. Nf3 Ne8 8. 0-0 g6 9. a4 Ng7 10. Bh6 f5 11. exf5 Bxf5 12. Nd2 Bg5 13. Bxg5 Qxg5 14. Nc4 Ne8 15. Ne4 Qe7 16. Qe2 Nd7 17. Rad1 Bxe4 18. Bxe4 Nb6 19. Nxb6 axb6 20. b3 Ng7 21. Qb5 Qc7 22. Bg2 Nf5 23. Qc4 Nd4 24. c3 Nf3+ 25. Bxf3 Rxf3 26. Kg2 Raf8 27. Rd3 Qf7 28. Rxf3 Qxf3+ 29. Kg1 e4 30. b4 h5 31. Qb5 e3 32. fxe3 Qxe3+ 33. Kg2 Qe4+ 34. Kg1 Rxf1+ 35. Kxf1 Qxd5 36. Qxb6 Qf3+ 37. Kg1 Qxc3 38. Qd8+ Kg7 39. Qe7+ Kh6 40. Qf8+ Kh7 41. Qe7+ Kh6 42. Qf8+ Kh7 43. Qe7+ Kh6 1/2-1/2

[Event "Titled Tuesday intern op 19th Jan"]
[Site "Chess.com INT"]
[Date "2021.01.19"]
[Round "6"]
[White "Ozen, Batuhan"]
[Black "Djaparov, Medet"]
[Result "0-1"]
[WhiteElo "2128"]
[BlackElo "1749"]
[PlyCount "74"]
[EventDate "2021.01.19"]
[EventType "swiss (blitz)"]
[EventRounds "11"]
[EventCountry "USA"]
[SourceTitle "CBM 200 Extra"]
[Source "ChessBase"]
[SourceDate "2021.03.31"]
[SourceVersion "1"]
[SourceVersionDate "2021.03.31"]
[SourceQuality "1"]

1. e4 e5 2. Nf3 Nc6 3. c3 d5 4. Qa4 f6 5. exd5 Qxd5 6. Bc4 Qe4+ 7. Kd1 Qg4 8. Rg1 Bd7 9. Qb3 Na5 10. Bf7+ Ke7 11. Qd5 Bc6 12. Be6 Qa4+ 13. b3 Bxd5 14. bxa4 Bxe6 15. Na3 a6 16. d4 e4 17. Nd2 f5 18. f3 Nf6 19. fxe4 fxe4 20. Re1 Bg4+ 21. Kc2 Bf5 22. Kb2 Kd7 23. Ndc4 Nxc4+ 24. Nxc4 Bd6 25. Ne3 Bg6 26. Bd2 b5 27. Rac1 bxa4 28. c4 Rab8+ 29. Ka1 c5 30. Bc3 cxd4 31. Bxd4 Ke6 32. c5 Bf4 33. c6 Rbc8 34. Rc4 Rhd8 35. Rxa4 Rxd4 36. Rxd4 Be5 37. Red1 Rxc6 0-1

[Event "Titled Tuesday intern op 29th Dec"]
[Site "Chess.com INT"]
[Date "2020.12.29"]
[Round "9"]
[White "Ozen, Batuhan"]
[Black "De Silva, LMST"]
[Result "1/2-1/2"]
[WhiteElo "2128"]
[BlackElo "2085"]
[PlyCount "86"]
[EventDate "2020.12.29"]
[EventType "swiss (blitz)"]
[EventRounds "11"]
[EventCountry "USA"]
[SourceTitle "CBM 200 Extra"]
[Source "ChessBase"]
[SourceDate "2021.03.31"]
[SourceVersion "1"]
[SourceVersionDate "2021.03.31"]
[SourceQuality "1"]

1. g3 g6 2. Bg2 Bg7 3. c4 d6 4. Nc3 Nf6 5. Nf3 0-0 6. 0-0 e5 7. d3 Nc6 8. Rb1 Ne8 9. b4 f5 10. b5 Ne7 11. Qc2 h6 12. a4 f4 13. Ba3 g5 14. c5 d5 15. c6 bxc6 16. bxc6 Nd6 17. Nd2 Be6 18. Bxd6 Qxd6 19. Nb5 Qd8 20. Nb3 a6 21. Nc5 Rf6 22. Nc3 Bf7 23. Nb7 Qe8 24. Na5 Rd8 25. Rfc1 Rxc6 26. Nxc6 Nxc6 27. Nxd5 Nd4 28. Nxc7 Qd7 29. Qd2 Rc8 30. Nxa6 Rxc1+ 31. Rxc1 Nb3 32. Nc5 Nxc5 33. Rxc5 Qxa4 34. h3 Bg6 35. Qc2 Qa1+ 36. Kh2 Kh7 37. Rc7 Qd4 38. Qc3 Qxf2 39. Qxe5 Qxg3+ 40. Kg1 Qe1+ 41. Kh2 Qg3+ 42. Kh1 Qe1+ 43. Kh2 Qg3+ 1/2-1/2